000 01957nam0a2200397 i 4500
001 RU\NLR\BIBL_A\010867120
005 20241114171536.0
010 _a9785931344423
_9500
021 _aRU
_b2015-73824
_94446
035 _a(NILC)RuMoRGB-008028002
035 _a(NLR Aleph) 010867120
090 _a10450006
_c10450006
100 _a20151023d2013 km y0rusy50 ca
101 0 _arus
102 _aRU
105 _aa|||z||||01yy
200 1 _aФормирование родительских компетенций у детей-сирот в условиях социокультурного пространства школы-интерната
_eмонография
_fО. В. Заславская, О. Е. Сальникова
210 _aМосква
_cПедагогическое общество России
_d2013
215 _a134 с.
_cил.
_d21
300 _aНа обороте тит. л. авт.: Заславская О. В., д. п. н., проф., засл. учитель школы РФ, Сальникова О. Е., к. п. н., доц.
320 _aБиблиогр.: с. 74-76 (31 назв.), в тексте и в подстроч. примеч.
606 1 _aСироты
_xСоциальное воспитание
_92518085
_3RU\NLR\AUTH\661492354
606 _aШколы-интернаты
_xВоспитательная работа
_91943046
_3RU\NLR\AUTH\661176121
610 0 _aсоциализация детей-сирот
610 0 _aродительсие компетенции детей-сирот
675 _a373
686 1 _aЧ313.42
686 1 _aЧ313.522.12
686 1 _aЧ421.344
700 1 _aЗаславская
_bО. В.
_gОльга Владимировна
701 1 _aСальникова
_bО. Е.
_gОльга Евгеньевна
801 0 _aRU
_bРГБ
_c20150924
_gRCR
942 _cBOOK
980 _aNBR